|
|
|
|
| LEADER |
02033nam a2200517 i 4500 |
| 001 |
nkc20152737835 |
| 003 |
CZ PrNK |
| 005 |
20190507122627.0 |
| 007 |
ta |
| 008 |
151015s2018 xr f 000 0 cze |
| 015 |
|
|
|a cnb002737835
|
| 020 |
|
|
|a 978-80-87439-21-0
|q (brožováno)
|
| 035 |
|
|
|a (OCoLC)1056247306
|
| 040 |
|
|
|a OLA001
|b cze
|e rda
|
| 041 |
0 |
|
|a cze
|b eng
|
| 072 |
|
7 |
|a 342
|x Ústavní právo. Správní právo
|2 Konspekt
|9 16
|
| 080 |
|
|
|a 342.72/.73:502.2
|2 MRF
|
| 080 |
|
|
|a 342.7
|2 MRF
|
| 080 |
|
|
|a (048.8)
|2 MRF
|
| 100 |
1 |
|
|a Müllerová, Hana,
|d 1974-
|7 xx0200538
|4 aut
|
| 245 |
1 |
0 |
|a Právo na životní prostředí :
|b teoretické aspekty /
|c Hana Müllerová
|
| 246 |
1 |
|
|i Název na pouzdru:
|a Právo na příznivé životní prostředí
|
| 250 |
|
|
|a Vydání 1.
|
| 264 |
|
1 |
|a Praha :
|b Ústav státu a práva AV ČR, v.v.i.,
|c 2015
|
| 300 |
|
|
|a 125 stran ;
|c 21 cm
|
| 336 |
|
|
|a text
|b txt
|2 rdacontent
|
| 337 |
|
|
|a bez média
|b n
|2 rdamedia
|
| 338 |
|
|
|a svazek
|b nc
|2 rdacarrier
|
| 500 |
|
|
|a Na hřbetu označení: 1
|
| 500 |
|
|
|a Na rubu titulní stránky vročení: 2018
|
| 500 |
|
|
|a Část nákladu vydána ve společném kartonovém pouzdru s dalšími 2 svazky
|
| 504 |
|
|
|a Obsahuje bibliografii a bibliografické odkazy
|
| 546 |
|
|
|a Anglické resumé
|
| 650 |
0 |
7 |
|a právo na životní prostředí
|7 ph580767
|x teorie
|2 czenas
|
| 650 |
0 |
7 |
|a lidská práva
|7 ph122331
|2 czenas
|
| 650 |
0 |
9 |
|a environmental rights
|x theory
|2 eczenas
|
| 650 |
0 |
9 |
|a human rights
|2 eczenas
|
| 655 |
|
7 |
|a monografie
|7 fd132842
|2 czenas
|
| 655 |
|
9 |
|a monographs
|2 eczenas
|
| 856 |
4 |
1 |
|u https://www.ilaw.cas.cz/upload/web/files/books/Mullerova-PravoNaZivotniProstredi.pdf
|y Elektronická verze na serveru Ústavu státu a práva AV ČR, v.v.i.
|4 N
|
| 910 |
2 |
|
|a BOA001
|b 2-1413.653
|
| 928 |
9 |
|
|a Akademie věd České republiky, Ústav státu a práva
|
| 990 |
|
|
|a BK
|
| 995 |
|
|
|a 01
|
| 991 |
|
|
|b 201809
|c NOV
|
| 996 |
6 |
|
|b 2610753184
|c 2-1413.653
|l MZK
|r Sklad / do 1 hodiny
|n 1
|p p.v.
|w 001681152
|u 000010
|a 1
|e BOA001
|j MZK50
|s P
|